Traduzioni del nome Giovanni - Statistics

Statistiche generali
  • Questo quiz è stato fatto 316 volte
  • Il punteggio medio è 5 su 13
Statistiche sulle risposte
Lingue Traduzioni di "Giovanni" % Corretto
Inglese John
90%
Spagnolo Juan
87%
Francese Jean
61%
Tedesco (1) Johann
46%
Portoghese João
38%
Olandese Jan
36%
Russo Ivan
28%
Scozzese Ian
17%
Rumeno Ion
14%
Gallese Evan
13%
Tedesco (2) Hans
13%
irlandese Seán
11%
Ungherese Janos
3%
Nessun quiz corrispondente trovato
Distribuzione punteggi
Percentuale di utenti per punteggio
Percentile per numero di risposta
I tuoi punteggi nel tempo
Non hai fatto questo quiz